000 00437nam a2200157Ia 4500
008 221030s9999 xx 000 0 und d
020 _a817722056X
041 _aEnglish
082 _a105.23
_bHol
100 _aS. Holzner
245 0 _aJava 2, Swing, Servlets, JDBC & Java Beans Programming ( DEPARTMENTAL )
_cby S. Holzner
260 _bDreamtech Press
_aNew Delhi
_c2000
300 _a1143
650 _aCSE Departmental
942 _cBK
999 _c7212
_d7212